BASIC ELECTRICAL ENGINEERING (Record no. 28903)

000 -LEADER
fixed length control field 00432nam a2200181Ia 4500
003 - CONTROL NUMBER IDENTIFIER
control field OSt
005 - DATE AND TIME OF LATEST TRANSACTION
control field 20260430111316.0
008 - FIXED-LENGTH DATA ELEMENTS--GENERAL INFORMATION
fixed length control field 200615s9999||||xx |||||||||||||| ||und||
020 ## - INTERNATIONAL STANDARD BOOK NUMBER
International Standard Book Number 9788122421521
040 ## - CATALOGING SOURCE
Transcribing agency MUIT LUCKNOW
082 ## - DEWEY DECIMAL CLASSIFICATION NUMBER
Classification number 621.3
Item number BAS-C
100 ## - MAIN ENTRY--PERSONAL NAME
Personal name C.L.WADHWA
245 #0 - TITLE STATEMENT
Title BASIC ELECTRICAL ENGINEERING
250 ## - EDITION STATEMENT
Edition statement 1ST
260 ## - PUBLICATION, DISTRIBUTION, ETC.
Place of publication, distribution, etc. new delhi
Name of publisher, distributor, etc. NEW AGE INTERNATIONAL
Date of publication, distribution, etc. 2013
300 ## - PHYSICAL DESCRIPTION
Extent 405
942 ## - ADDED ENTRY ELEMENTS (KOHA)
Koha item type Book
Source of classification or shelving scheme
Holdings
Withdrawn status Lost status Source of classification or shelving scheme Damaged status Not for loan Collection code Permanent Location Current Location Shelving location Date acquired Total Checkouts Full call number Barcode Date last seen Date last checked out Copy number Price effective from Koha item type
          School of Engineering Maharishi School of Engineering & Technology (Lucknow) Maharishi School of Engineering & Technology (Lucknow) R62S1 2020-06-15 4 621.3 BAS-C SOE02993 2024-12-13 2024-12-09 621.3 2020-06-15 Reference Book

All Rights Reserved@MUIT

Powered by Koha